Witamy w Bibliotece Naukowej Instytutu Łączności!

Zbadanie możliwości racjonalnego zawężenia pasma emisji radiofonicznych z modulacją amplitudy na falach średnich i długich : (Rekord nr 16962)

000 -LEADER
fixed length control field 00567 a2200085 4500
100 1# - MAIN ENTRY--PERSONAL NAME
Personal name Dyszyński, Stanisław.
Relator term Autor
245 0# - TITLE STATEMENT
Title Zbadanie możliwości racjonalnego zawężenia pasma emisji radiofonicznych z modulacją amplitudy na falach średnich i długich :
Remainder of title Laboratoryjne przeprowadzenie subiektywnej oceny jakości różnych rodzajów audycji przy zawężeniu pasma częstotliwości sygnału madulującego oraz przeanalizowanie wyników /
Statement of responsibility, etc Dyszyński Stanisław.
Number of part/section of a work etap 1
260 ## - PUBLICATION, DISTRIBUTION, ETC. (IMPRINT)
Place of publication, distribution, etc Warszawa :
Name of publisher, distributor, etc IŁ,
Date of publication, distribution, etc 1969.
300 ## - PHYSICAL DESCRIPTION
Extent 7 s.;
Dimensions 29 cm.
710 2# - ADDED ENTRY--CORPORATE NAME
Corporate name or jurisdiction name as entry element Instytut Łączności.
Relator term Wydawca
Relator code pbl
Egzemplarze
Withdrawn status Lost status Source of classification or shelving scheme Damaged status Not for loan Permanent Location Current Location Shelving location Date acquired Cost, normal purchase price Inventory number Full call number Barcode Date last seen Price effective from Koha item type
          Instytut Łączności Instytut Łączności Magazyn 1969-12-28 0.00 S-09373 S-09373/1arch S-09373/1arch 2017-11-30 2017-11-30 Książki

Działa dzięki Koha